[Event "ESP-ch U10"]
[Site "Salobrena"]
[Date "2023.07.05"]
[Round "4"]
[White "Pons Sancho, Roc"]
[Black "Aguilar Alcala, Marco"]
[Result "1-0"]
[WhiteElo "1236"]
[BlackElo "1052"]
[PlyCount "61"]
[EventDate "2023.07.03"]
[EventType "swiss"]
[EventRounds "9"]
[EventCountry "ESP"]
[SourceTitle "EXT 2024"]
[Source "ChessBase"]
[SourceDate "2023.10.10"]
[SourceVersion "1"]
[SourceVersionDate "2023.10.10"]
[SourceQuality "1"]

1. d4 d5 2. c4 e6 3. Nf3 Nf6 4. Bf4 Bb4+ 5. Nc3 Ne4 6. Qc2 0-0 7. e3 Re8 8. Bd3 Nf6 9. 0-0 c5 10. dxc5 Bxc5 11. Rad1 d4 12. exd4 Bxd4 13. Nxd4 Qxd4 14. Bxh7+ Nxh7 15. Rxd4 Nc6 16. Rd2 e5 17. Re1 Be6 18. Bg3 Bxc4 19. Nd5 Bxd5 20. Rxd5 Nd4 21. Qd3 f6 22. Rc1 Nc6 23. Qb3 Nd4 24. Rxd4+ Kh8 25. Rh4 g5 26. Rh3 Kg7 27. Rc7+ Kg6 28. Qf3 Rac8 29. Rhxh7 Rg8 30. Qd3+ f5 31. Qd6# 1-0